| 000 | 00614nam a22002057a 4500 | ||
|---|---|---|---|
| 999 |
_c1648 _d1648 |
||
| 003 | AR-CdUCM | ||
| 008 | 190227b ||||| |||| 00| 0 spa d | ||
| 040 |
_aMUNICIPALIDAD PROVINCIAL DEL CUSCO _cBIBLIOTECA MUNICIPAL DEL CUSCO |
||
| 082 |
_a869.5 / _bC35 |
||
| 100 |
_aCastro Arenas, Mario _94396 |
||
| 245 | _aDe Palma a Vallejo / | ||
| 260 |
_aPerú ; _bPopulibros Peruanos. |
||
| 300 |
_a135 páginas _c17cm |
||
| 440 |
_aPopulibros Peruanos _96136 |
||
| 505 | _aContenido : Literatura | ||
| 650 |
_aPoesía _9139 |
||
| 650 |
_aLiteratura peruana _9169 |
||
| 942 |
_2ddc _cLIBROS |
||
| 945 |
_anom _d2019-02-27 |
||